Catálogo
 En Linea

Las canciones que mi madre me enseñó / (Registro nro. 42202)

Detalles MARC
000 -CABECERA
campo de control de longitud fija 00692nam a2200193 a 4500
001 - NÚMERO DE CONTROL
campo de control 000042713
005 - FECHA Y HORA DE LA ÚLTIMA TRANSACCIÓN
campo de control 20201002040336.0
008 - DATOS DE LONGITUD FIJA--INFORMACIÓN GENERAL
campo de control de longitud fija 140205s1994 sp ac 000 0 spa d
020 ## - NÚMERO INTERNACIONAL ESTÁNDAR DEL LIBRO
Número Internacional Estándar del Libro 8433916831
040 ## - FUENTE DE LA CATALOGACIÓN
Centro catalogador/agencia de origen DO-SdBNP
Lengua de catalogación spa
Centro/agencia transcriptor BNPHU
082 ## - NÚMERO DE LA CLASIFICACIÓN DECIMAL DEWEY
Número de clasificación xxx
Número de documento/Ítem B819c
100 1# - ENTRADA PRINCIPAL--NOMBRE DE PERSONA
Nombre de persona Brando, Marlon
9 (RLIN) 70026
240 10 - TÍTULO UNIFORME
Título uniforme Songs my mother taught me.
Lenguaje de la obra eng
245 14 - MENCIÓN DE TÍTULO
Título Las canciones que mi madre me enseñó /
Mención de responsabilidad, etc. Marlon Brando ; con la colaboración de Robert Lindsey ; traduccion de Elsa Mateo.
260 ## - PUBLICACIÓN, DISTRIBUCIÓN, ETC.
Lugar de publicación, distribución, etc. Barcelona :
Nombre del editor, distribuidor, etc. Anagrama,
Fecha de publicación, distribución, etc. 1994.
300 ## - DESCRIPCIÓN FÍSICA
Extensión 465 p. :
Otras características físicas il., retrs. ;
Dimensiones 22 cm.
500 ## - NOTA GENERAL
Nota general Incluye datos biográficos del autor en la solapa de la cubierta
700 12 - PUNTO DE ACCESO ADICIONAL--NOMBRE DE PERSONA
Nombre de persona Mateo, Elsa
Término indicativo de función/relación tr.
9 (RLIN) 32222
Existencias
Estado de retiro Estado de pérdida Restricciones de uso No para préstamo Código de colección Localización permanente Ubicación/localización actual Ubicación en estantería Fecha de adquisición Número de inventario Total de préstamos Signatura topográfica completa Código de barras Fecha visto por última vez Precio válido a partir de Tipo de ítem Koha
      Excluido de préstamo Monografías: Libros y Folletos General General En catalogación 05.02.2014 LF1   xxx B819c 42713-10 25.06.2020 25.06.2020 No se presta

Con tecnología Koha